Truyện dịch Đông Tây

Sparad:
Bibliografiska uppgifter
Materialtyp: Bok
Språk:Undetermined
Publicerad: Hà Nội Lao Động 2005
Ämnen:
Taggar: Lägg till en tagg
Inga taggar, Lägg till första taggen!
Thư viện lưu trữ: Trung tâm Học liệu Trường Đại học Cần Thơ
LEADER 00464nam a2200181Ia 4500
001 CTU_93348
008 210402s9999 xx 000 0 und d
020 |c 41000 
082 |a 808.83 
082 |b Tr527/T.2 
245 0 |a Truyện dịch Đông Tây 
260 |a Hà Nội 
260 |b Lao Động 
260 |c 2005 
650 |a Short stories 
650 |x Collections 
904 |i M.Loan 
980 |a Trung tâm Học liệu Trường Đại học Cần Thơ